駅名に「西」を含む駅 - Statistics

General Stats
  • This quiz has been taken 160 times
  • The average score is 115 of 318
Answer Stats
Hint Answer % Correct
福岡市 西新
93%
新宿区 西新宿
90%
船橋市 西船橋
88%
川口市 西川口
87%
国分寺市 西国分寺
87%
さいたま市 西浦和
84%
千葉市 西千葉
84%
立川市 西立川
84%
蒲郡市 西浦
84%
明石市 西明石
83%
所沢市 西所沢
82%
西宮市 西宮
82%
さいたま市 西大宮
79%
八王子市 西八王子
79%
川越市 西川越
78%
西尾市 西尾
78%
新宿区 西新宿五丁目
76%
江戸川区 西葛西
76%
府中市 西府
76%
大子町 西金
73%
富田林市 | 岩国市 川西
73%
金沢市 西金沢
72%
西宮市 西宮北口
72%
横浜市 西横浜
71%
江戸川区 葛西
70%
西脇市 西脇市
69%
調布市 西調布
68%
東広島市 | 筑北村 西条
68%
岐阜市 西岐阜
68%
広島市 西広島
68%
杉並区 西荻窪
67%
板橋区 西高島平
66%
足立区 西新井
66%
品川区 西大井
64%
荒川区 西日暮里
64%
北九州市 | 柏崎市 西山
64%
舞鶴市 西舞鶴
64%
新宿区 西武新宿
63%
江戸川区 葛西臨海公園
63%
京都市 西大路
62%
川西市 川西能勢口
62%
富山市 西富山
61%
桑名市 西桑名
61%
大阪市 西九条
61%
富士宮市 西富士宮
60%
岡崎市 西岡崎
60%
唐津市 西唐津
60%
印西市 印西牧の原
59%
新宿区 新宿西口
59%
焼津市 西焼津
59%
川西市 川西池田
59%
西条市 伊予西条
59%
中富良野町 西中
58%
鯖江市 西鯖江
58%
北九州市 西小倉
58%
那須塩原市 西那須野
57%
桐生市 西桐生
57%
秩父市 西武秩父
57%
羽生市 西羽生
57%
白井市 西白井
57%
板橋区 西台
57%
東村山市 西武園
57%
鎌倉市 西鎌倉
57%
奈良市 大和西大寺
57%
大分市 西大分
57%
大垣市 西大垣
56%
熊本市 西熊本
56%
燕市 西燕
54%
会津若松市 西若松
53%
取手市 西取手
53%
立川市 西国立
53%
出雲市 西出雲
53%
所沢市 西武球場前
52%
足立区 西新井大師西
52%
立川市 西武立川
52%
滑川市 西滑川
52%
敦賀市 西敦賀
52%
松本市 西松本
52%
向日市 西向日
52%
相生市 西相生
52%
浜田市 西浜田
52%
岩国市 西岩国
52%
北見市 西北見
51%
北名古屋市 西春
51%
魚津市 西魚津
50%
上田市 西上田
50%
笠松町 西笠松
50%
大泉町 西小泉
49%
江東区 西大島
49%
西東京市 西武柳沢
49%
掛川市 西掛川
49%
岡山市 西大寺
49%
北区 西ケ原
48%
新発田市 西新発田
48%
御坊市 西御坊
48%
都城市 西都城
48%
所沢市 西武園ゆうえんち
47%
船橋市 京成西船
47%
高岡市 西高岡
47%
一宮市 西一宮
47%
大阪市 西梅田
47%
久留米市 西鉄久留米
47%
米沢市 西米沢
46%
富岡市 西富岡
46%
可児市 西可児
46%
西宮市 西宮名塩
46%
浦添市 てだこ浦西
46%
飯能市 西吾野
44%
大田区 西馬込
44%
横浜市 西谷
44%
田原本町 西田原本
44%
西粟倉村 西粟倉
44%
諫早市 西諫早
44%
入善町 西入善
43%
神戸市 西神中央
43%
柳川市 西鉄柳川
43%
筑紫野市 西鉄二日市
43%
塩竈市 西塩釜
42%
品川区 西小山
42%
京都市 梅小路京都西
42%
長岡京市 西山天王山
42%
木津川市 西木津
42%
大崎市 西大崎
41%
新宿区 西早稲田
41%
神戸市 西代
41%
金沢市 新西金沢
40%
大阪市 西長堀
40%
大阪市 西中島南方
40%
帯広市 西帯広
39%
世田谷区 西太子堂
39%
豊島区 西巣鴨
39%
有田町 西有田
39%
安中市 西松井田
38%
小郡市 西鉄小郡
38%
寒河江市 西寒河江
37%
杉並区 西永福
37%
清須市 西枇杷島
37%
神戸市 西鈴蘭台
37%
橿原市 橿原神宮西口
37%
広島市 広電西広島
37%
新宮町 西鉄新宮
37%
京都市 西院
36%
大阪市 西田辺
36%
三次市 西三次
36%
人吉市 西人吉
36%
小林市 西小林
36%
出水市 西出水
36%
大崎市 西古川
34%
富山市 西町
33%
大洲市 西大洲
33%
指宿市 西大山
33%
いすみ市 西大原
32%
伊賀市 西青山
32%
京都市 西大路御池
32%
富田林市 富田林西口
32%
神戸市 西神南
32%
広島市 | 阿南市 西原
32%
北区 西ヶ原四丁目
31%
京都市 西京極
31%
大阪市 西大橋
31%
佐川町 西佐川
31%
福岡市 西鉄福岡(天神)
31%
千葉市 西登戸
30%
西尾市 西尾口
30%
西脇市 新西脇
30%
橿原市 八木西口
30%
倉敷市 西阿知
30%
室蘭市 輪西
29%
平内町 西平内
29%
明石市 西二見
29%
奈良市 西ノ京
29%
札幌市 西11丁目
28%
浜松市 西鹿島
28%
神戸市 西元町
28%
神戸市 鈴蘭台西口
28%
今治市 大西
28%
札幌市 西18丁目
27%
門真市 西三荘
27%
高松市 香西
27%
札幌市 西4丁目
26%
札幌市 西8丁目
26%
札幌市 西15丁目
26%
坂戸市 西大家
26%
白山市 西松任
26%
豊川市 西小坂井
26%
出雲市 出雲神西
26%
福岡市 西鉄香椎
26%
太宰府市 西鉄五条
26%
旭川市 西神楽
24%
北見市 西留辺蘂
24%
由利本荘市 西目
24%
銚子市 西海鹿島
24%
坂井市 西長田ゆりの里
24%
いなべ市 西藤原
24%
神戸市 西舞子
24%
岡山市 西川原
24%
添田町 西添田
24%
室蘭市 本輪西
23%
大空町 西女満別
23%
福井市 福大前西福井
23%
名古屋市 熱田神宮西
23%
名古屋市 瑞穂運動場西
23%
常滑市 西ノ口
23%
茨木市 彩都西
23%
札幌市 西28丁目
22%
金沢市 西泉
22%
岡山市 備前西市
22%
坂井市 西春江ハートピア
21%
田尻町 関西空港
21%
神戸市 西灘
21%
明石市 西新町
21%
庄原市 備後西城
21%
東広島市 西高屋
21%
大牟田市 西鉄銀水
21%
宇都宮市 西川田
20%
湖南市 甲西
20%
大阪市 ポートタウン西
20%
姫路市 西飾磨
20%
福岡市 西戸崎
20%
福岡市 西鉄平尾
20%
福岡市 西鉄千早
20%
日光市 湯西川温泉
19%
大多喜町 西畑
19%
西尾市 西幡豆
19%
明石市 西江井ヶ島
19%
根室市 西和田
18%
仙台市 大町西公園
18%
飯山市 西大滝
18%
長久手市 公園西
18%
四日市市 西日野
18%
大阪市 西天下茶屋
18%
筑後市 西牟田
18%
新潟市 内野西が丘
17%
富山市 西中野
17%
鯖江市 西山公園
17%
京都市 西大路三条
17%
大刀洗町 西太刀洗
17%
南九州市 西頴娃
17%
旭川市 西聖和
16%
北秋田市 西鷹巣
16%
勝央町 西勝間田
16%
苅田町 小波瀬西工大前
16%
平戸市 西田平
16%
雲仙市 西郷
16%
薩摩川内市 西方
16%
札幌市 西線14条
14%
旭川市 西御料
14%
真岡市 西田井
14%
七尾市 西岸
14%
かつらぎ町 西笠田
14%
北九州市 西黒崎
14%
柳川市 西鉄中島
14%
札幌市 西線11条
13%
白糠町 西庶路
13%
庄内町 西袋
13%
名古屋市 西高蔵
13%
大牟田市 西鉄渡瀬
13%
宇佐市 西屋敷
13%
旭川市 西瑞穂
12%
川西町 西大塚
12%
滑川市 西加積
12%
岡山市 西川緑道公園
12%
長崎市 西浦上
12%
札幌市 西線6条
11%
札幌市 西線9条旭山公園通
11%
札幌市 西線16条
11%
宇都宮市 ゆいの杜西
11%
いなべ市 西野尻
11%
京都市 洛西口
11%
松山市 山西
11%
錦町 肥後西村
11%
柏崎市 西中通
10%
福井市 西別院
10%
鯖江市 サンドーム西
10%
浜松市 城西
10%
伊賀市 西大手
10%
たつの市 西栗栖
10%
長崎市 西浜町
10%
浜松市 遠州西ヶ崎
9%
桑名市 西別所
9%
倉敷市 西富井
9%
香美市 山田西町
9%
熊本市 西里
9%
三島町 会津西方
8%
高崎市 西山名
8%
備前市 西片上
8%
広島市 紙屋町西
8%
南国市 後免西町
8%
仙北市 西明寺
7%
浜松市 西気賀
7%
岡山市 新西大寺町筋
7%
吉野川市 西麻植
7%
高知市 西高須
7%
四万十市 西ケ方
7%
黒潮町 西大方
7%
由利本荘市 西滝沢
6%
高崎市 西吉井
6%
大阪市 塚西
6%
和歌山市 西ノ庄
6%
岡山市 西大寺町・岡山芸術創造劇場ハレノワ前
6%
芸西村 西分
6%
熊本市 西辛島町
6%
富山市 中町(西町北)
4%
小野市 河合西
4%
紀の川市 西山口
4%
広島市 西観音町
4%
北九州市 熊西
4%
唐津市 西相知
4%
松浦市 西木場
4%
高松市 西前田
3%
松山市 西衣山
3%
松山市 西堀端
3%
No matching quizzes found
Score Distribution
Percent of People with Each Score
Percentile by Number Answered
Your Score History
You have not taken this quiz